Statistics for Parks and Recreation Character Quiz

Click here to take the quiz!

General Stats

  • This quiz has been taken 178 times
  • The average score is 11 of 12

Answer Stats

HintAnswer% Correct
1. Deputy director of the parks department, favorite food is wafflesLeslie Knope
100%
2. has two ex wives named Tammy, aka Duke SilverRon Swanson
99%
6. Nurse who is #1's best friendAnn Perkins
95%
5. nerd accountant who loves calzones, #1 says he has a nice buttBen Wyatt
94%
3. aka Janet Snakehole and satan's niece, becomes deputy director of animal controlApril Ludgate
93%
7. Hated by all except #5, given many different names, farts a lotJerry Gergich
92%
4. "Janet Snakehole's" husband, later became children's performer Johnny KarateAndy Dwyer
91%
8. sarcastic, underachieving entrepeneurTom Haverford
91%
9. Super athletic and healthy, eventually became Pawnee's city managerChris Traeger
90%
11. Does "Treat Yo Self" day with #8, loves her mercedesDonna Meagle
88%
10. Was Pawnee's city planner, disappeared after season oneMark Brendanawicz
82%
12. super heated man, shouts a lot, became a main character in season sevenCraig Middlebrooks
66%

Score Distribution

Percentile by Number Answered

Percent of People with Each Score

Your Score History

You have not taken this quiz